|
|
|
|
| LEADER |
00000nam0a2200000 4500 |
| 001 |
24655 |
| 005 |
20231030200310.0 |
| 010 |
|
|
|a 5797500345
|
| 035 |
|
|
|a (RuTPU)RU\TPU\book\24884
|
| 035 |
|
|
|a BOOK00002649
|
| 090 |
|
|
|a 24655
|
| 100 |
|
|
|a 20011209d1999 m a0rusy50 ca
|
| 101 |
0 |
|
|a rus
|
| 102 |
|
|
|a RU
|
| 105 |
|
|
|a y n 000zy
|
| 200 |
0 |
|
|a Т. 1
|
| 210 |
|
|
|d 1999
|
| 215 |
|
|
|a 816 с.
|
| 333 |
|
|
|a Исключено из фонда НТБ ТПУ
|
| 461 |
|
|
|t Конституционное право России
|o сборник конституционно-правовых актов
|o в 2 т.
|f отв. ред. О. Е. Кутафин; сост. Н. А. Михалева
|v Т. 1
|d 1999 -.
|
| 801 |
|
0 |
|a RU
|b 63413507
|c 20011209
|g PSBO
|
| 801 |
|
2 |
|a RU
|b 63413507
|c 20201203
|g PSBO
|
| 942 |
|
|
|c BK
|